书目信息 |
| 题名: |
TMS320X281x DSP原理与应用
|
|
| 作者: | 徐科军 , 张瀚 , 陈智渊 编著 | |
| 分册: | ||
| 出版信息: | 北京 北京航空航天大学出版社 2006 |
|
| 页数: | 473页 | |
| 开本: | 26cm | |
| 丛书名: | ||
| 单 册: | ||
| 中图分类: | TN911.72 , TP332 | |
| 科图分类: | ||
| 主题词: | 数字信号--信号处理 , 数字信号--微处理器 | |
| 电子资源: | ||
| ISBN: | 7-81077-845-5 | |
| 000 | 01023nam0 2200313 450 | |
| 001 | 012004066095 | |
| 005 | 20080303093005.42 | |
| 009 | 012004066095 | |
| 010 | @a7-81077-845-5@dCNY45.00 | |
| 035 | @a(110019)012006080214 | |
| 100 | @a20060830d2006 em y0chiy0110 ea | |
| 101 | 0 | @achi |
| 102 | @aCN@b110000 | |
| 105 | @ay z 000yy | |
| 106 | @ar | |
| 200 | 1 | @aTMS320X281x DSP原理与应用@ATMS320X281x DSP yuan li yu ying yong@f徐科军, 张瀚, 陈智渊编著 |
| 210 | @a北京@c北京航空航天大学出版社@d2006 | |
| 215 | @a473页@d26cm | |
| 330 | @a本书以TMS320X281x为代表,详细介绍其CPU和片内外围设备。全书内容包括:CPU内核结构,存储器及I/O空间,片内外围设备,寻址方式和指令系统,DSP程序的编写和调试等。 | |
| 606 | 0 | @a数字信号@x信号处理 |
| 606 | 0 | @a数字信号@x微处理器 |
| 610 | 0 | @aDSP |
| 690 | @aTN911.72@v4 | |
| 690 | @aTP332@v4 | |
| 701 | 0 | @a徐科军@Axu ke jun@4编著 |
| 701 | 0 | @a张瀚@Azhang han@4编著 |
| 701 | 0 | @a陈智渊@Achen zhi yuan@4编著 |
| 801 | 0 | @aCN@b110019@c20080303 |
| 905 | @dTN911.72@e121@f4 | |
| TMS320X281x DSP原理与应用/徐科军, 张瀚, 陈智渊编著.-北京:北京航空航天大学出版社,2006 |
| 473页;26cm |
| ISBN 7-81077-845-5:CNY45.00 |
| 本书以TMS320X281x为代表,详细介绍其CPU和片内外围设备。全书内容包括:CPU内核结构,存储器及I/O空间,片内外围设备,寻址方式和指令系统,DSP程序的编写和调试等。 |
| ● |
| 相关链接 |
|
|
|
|
正题名:TMS320X281x DSP原理与应用
索取号:TN911.72/121
 
预约/预借
| 序号 | 登录号 | 条形码 | 馆藏地/架位号 | 状态 | 备注 |
| 1 | 0792970 | 207929704 | 第二样本阅览室/ [索取号:TN911.72/121] | 在馆 | |
| 2 | 0792971 | 207929713 | 第三借阅区/ [索取号:TN911.72/121] | 在馆 | |
| 3 | 0792972 | 207929722 | 第三借阅区/ [索取号:TN911.72/121] | 在馆 | |
| 4 | 0792973 | 207929731 | 第三借阅区/ [索取号:TN911.72/121] | 在馆 |